000 00453nam a2200181Ia 4500
001 21105
005 20260306172855.0
008 260306t2022||||xx |||||||||||||| ||spa||
041 _aESP
082 _a344
_bR31 T. 2
100 _aReátegui Sánchez, James
_eAUT
245 0 _aTratado de derecho penal:
_bparte especial
260 _c2022
300 _axxix, 840 páginas :
_c25 cm.
650 _aGEN
654 _aCDE
942 _cLIB
_dJUS
_fJUS
_2ddc
_n
999 _c21105
_d21105